|
|
|
|
| LEADER |
00000nam a22000007a 4500 |
| 005 |
20210810211920.0 |
| 007 |
cr|||| |||| |
| 008 |
210810s2018 ca |||||s|||| 00||0 eng d |
| 020 |
|
|
|a 9781552214985
|
| 035 |
|
|
|a 34963
|
| 040 |
|
|
|a vLex
|
| 090 |
|
|
|c 11957
|d 11957
|
| 100 |
1 |
|
|a Schneider, Richard D.
|
| 245 |
1 |
0 |
|a Fitness to Stand Trial
|h [Recurso electrn̤ico] :
|b Fairness First and Foremost /
|c Richard D. Schneider, Hy Bloom
|
| 256 |
|
|
|a Servicio en ln̕ea
|
| 260 |
|
|
|a Toronto:
|b Irwin Law Inc.,
|c 2018
|
| 300 |
|
|
|a 1 recurso electrn̤ico
|
| 500 |
|
|
|a Of all the issues that bring mental health practitioners and the criminal courts together, fitness to stand trial is by far the most common. In Canada, thousands of fitness assessments, psychiatric reports, fitness hearings, and verdicts of either “fit” or “unfit” to stand trial are rendered every year. For such a common event, one would be inclined to think that, for the most part, the law is uncontroversial; that most of the issues have been settled. Fitness to Stand Trial lays out the law as it is seemingly settled, and discusses several areas where the law is much less settled. What exactly is required of the accused in terms of their ability to think rationally? Does one need to be “fit to stand trial” in order to proceed with a bail hearing? Or, post-verdict, with sentencing? Can an otherwise unfit accused become “fit enough” with the assistance of counsel? Does the test for unfit to stand trial contain a prospective element? These and many other less-than-clear aspects of the fitness rules are explored fully in this new volume.
|
| 506 |
1 |
|
|a Disponible solo en los productos indicados
|d vLex Global
|d vLex Global (Academic Edition, excluding Law Schools)
|d vLex Global (U.S. Academic Edition, Law Schools)
|d vLex Global (U.S. Academic Edition, excluding Law Schools)
|d vLex Global (Academic Edition, Law Schools)
|
| 650 |
0 |
4 |
|a Derecho Penal
|z Canad̀
|
| 700 |
1 |
|
|a Bloom, Hy
|
| 740 |
0 |
|
|a vLex Libros (Servicio en ln̕ea)
|
| 856 |
4 |
0 |
|u https://app.vlex.com/#/sources/34963
|z Acceso restringido
|
| 942 |
|
|
|c BOOK
|
| 999 |
0 |
|
|a Criminal law
|